000 00266nam a22001097a 4500
082 _a621.381548 HER'I
100 _aHERRICK, C. N
_976089
245 _aINSTRUMENTS AND MEASUREMENTS FOR ELECTRONICS
260 _aNEWDELHI
_bTOKYO
_c1972
300 _a542P
942 _cBK
999 _c582784
_d582784